000 00435nab a2200145Ia 4500
003 ES-SlBCS
005 20210601123957.0
008 140529s1989 xxu||||| |||| 00| 0 eng d
041 _aeng
100 1 _aMontague, Phillip
_9132856
245 0 0 _aActs, Agents, and Supererogation
_c Phillip Montague
650 0 4 _aActo
_9132857
773 0 _tAmerican Philosophical Quarterly
_gvol. 26, nº. 2, 1989, págs. 101-111
_wRev1386
942 _cAR
999 _c507164
_d507164